000 00943nam a2200289 i 4500
001 77567
003 ES-MaACL
005 20230906173258.0
007 t|
008 041021s2004 sp ||||1| spa d
020 _a84-339-7037-2
080 _a323.28(47+57)
080 _a94(47+57)"1922/36"
080 _a94(47+57)"1936/53"
100 1 _aAmis, Martin.
_921261
245 1 0 _aKoba el Temible :
_bla risa y los veinte millones /
_cMartin Amis ; traducción de Antonio-Prometeo Moya.
260 _aBarcelona :
_bAnagrama,
_c[2004]
300 _a320 p., [8] p. de lám. ;
_c22 cm.
490 1 _aPanorama de narrativas ;
_v577
650 1 4 _aRepresión política-
_zURSS.
_9174041
651 4 _aURSS-
_xHistoria-
_y1922-1936.
_99471
651 4 _aURSS-
_xHistoria-
_y1925-1953.
_99472
700 1 _aMoya, Antonio-Prometeo.
_983949
830 1 0 _aPanorama de narrativas
_v577
_9123642
852 4 _aES-MaACL
_jL-28288
999 _c77567
_d77567